000 00691nam a2200241 i 4500
001 bg
100 1 _aPISZCZAŁA, Janusz.
245 1 0 _aMatematyka i jej zastosowanie w naukach ekonomicznych /
_cJanusz Piszczała ; Akademia Ekonomiczna w Poznaniu.
250 _aWyd. 5.
260 _aPoznań :
_bWydaw. AE,
_c1996.
300 _a252 s. :
_brys., wykr. ;
_c24 cm.
504 _aBibliogr. s. 245. - Indeks.
650 9 _aEkonometria
650 9 _aMatematyka
655 _aPodręczniki akademickie
020 _a8385530657
040 _cBPK
041 0 _apl
080 _a51:330.43](075.8)
920 _a83-85530-65-7
942 _cKS
008 s pl f |000 0 pol
999 _c31892
_d31892
856 _uhttp://koha.tu.koszalin.pl/cgi-bin/koha/opac-detail.pl?biblionumber=31892
_yKatalog online BPK